| 000 | 01035nam a2200265Ia 4500 | ||
|---|---|---|---|
| 003 | OSt | ||
| 005 | 20220923211342.0 | ||
| 006 | a|||||r|||| 00| 0 | ||
| 007 | ta | ||
| 008 | 220922b |||||||| |||| 00| 0 hin d | ||
| 020 |
_a9788183614542 (hbk) _c350 |
||
| 024 | _a264,327 | ||
| 037 |
_b1865, 16/07/2012, Kiran Book Service _cTextual |
||
| 040 |
_aARTS _cARTS _bhin |
||
| 041 |
_2hin _ahin |
||
| 082 | _aO152,3x, Q1 | ||
| 100 |
_aगुप्त, चन्द्रभानु _9156365 |
||
| 245 | 0 |
_aबोध कथाएॅं _b वैचारिक दृढ़ता की कहानियॉं |
|
| 246 | _aBodh kathāeॅan: vaichārik dṛuढ़tā kī kahāniyaॉan | ||
| 260 |
_aनयी दिल्ली _b राधाकृष्ण _c2011 |
||
| 300 |
_a319पृ. _ccm. |
||
| 650 |
_aहिन्दी साहित्य _9156264 |
||
| 942 |
_hO152,3x, Q1 _cTEXL _2CC |
||
| 999 |
_c298718 _d298718 |
||